| 000 | 00534nam a2200181 4500 | ||
|---|---|---|---|
| 001 | 138997 | ||
| 003 | ES-MaACL | ||
| 005 | 20250830063104.0 | ||
| 007 | t| | ||
| 008 | 070214s1961 sp r ||||1| spa d | ||
| 100 | 1 |
_aSanz, Carlos, _d1903-1979 _9103566 |
|
| 245 | 1 | 0 |
_aNuestra más gloriosa ejecutoria / _cpor Carlos Sanz. |
| 260 |
_a[S. l. : _bs. n.], _c1961. |
||
| 300 |
_a3 h. ; _c32 cm. |
||
| 500 | _aPublicado en ABC el 12 de octubre de 1961. | ||
| 852 |
_aES-MaACL _j2098-F-20 _bR.91075 |
||
| 999 |
_c138997 _d138997 |
||